000 00627nam a2200193Ii 4500
003 JO-AjNU
008 230605s9999||||xx |||||||||||||| ||und||
040 _aJO-AjNU
_bara
_erda
_cJO-AjNU
041 _aara
050 1 4 _aB746.J3.1970
100 3 _aتامر،عارف تحقيق وتقديم,
_eauthor
_937768
245 0 0 _aجامعة الجامعة
264 3 1 _aبيروت:منشورات دار مكتبة الحياة ، 1970
300 _a239ص
336 _atext
_btxt
_2rdacontent
337 _aunmediated
_bn
_2rdamedia
338 _avolume
_bnc
_2rdacarrier
650 4 _a الفلسفة الإسلامية 
_937769
999 _aA15810
_c19378
_d19378